| 000 | 01039nam a22002537a 4500 | ||
|---|---|---|---|
| 005 | 20170124103045.0 | ||
| 010 | _aA-860699 | ||
| 020 | _c98.00 | ||
| 035 | _aA-860699 | ||
| 037 | _bCen Lib/Ret | ||
| 040 |
_aDPL _bHN |
||
| 082 |
_aक _bजैनेन्द्र |
||
| 100 |
_aजैनेन्द्रकुमार _968540 |
||
| 245 |
_aग़दर के बाद / _cजैनेन्द्रकुमार |
||
| 246 |
_aGadar ke bad / _bby Jainendra Kumar |
||
| 260 |
_aनई दिल्ली _bपूर्वोदय प्रकाशन _c1996 |
||
| 270 |
_a7/8, दरियागंज _bनई दिल्ली _e110002 |
||
| 300 |
_a110पृ. _c21सेमी(सजिल्द ) |
||
| 650 |
_aहिंदी साहित्य _x _z _968541 |
||
| 650 |
_aहिंदी साहित्य--लघु कथाएँ _968542 |
||
| 650 |
_aHindi literature _v _968543 |
||
| 650 |
_aHindi literature--Short Stories _968544 |
||
| 942 |
_2ddc _cHN _hक _mजैनेन्द्र |
||
| 999 |
_c116834 _d116834 |
||